| 000 | 01097nam0a22002771 4500 | ||
|---|---|---|---|
| 001 | rc\2570330 | ||
| 005 | 20230920122516.0 | ||
| 035 | _a(NLR Aleph) 006735081 | ||
| 090 |
_a5584968 _c5584968 |
||
| 100 | _a20110914d1928 |||y0rusy50 ca | ||
| 101 | 0 | _arus | |
| 102 | _aRU | ||
| 105 | _ay z ||||| | ||
| 200 | 1 |
_aХамарган Джил _e[О волнении бурят в 1849 году] _fП. П. Баторов, В. И. Подгорбунский |
|
| 210 |
_a[Иркутск] _cтип. изд-ва "Власть труда" _d[1928] _eИркутск |
||
| 215 |
_a4 с. _d22х15 см. |
||
| 300 | _aБез тит. листа и обложки | ||
| 300 | _aОтдельн. оттиск из Бурятоведческого сборника ВСОРГО, вып. 3-4, стр. 59-62 | ||
| 700 | 1 |
_aБаторов _bП. П. _f1850-1927 _gПетр Павлович |
|
| 701 | 1 |
_aПодгорбунский _bВ. И. _gВасилий Иннокентьевич |
|
| 801 | 0 |
_aRU _bNLR _gpsbo |
|
| 801 | 1 |
_aRU _bELAR _2rusmarc |
|
| 852 |
_aNLR _j40/2195 |
||
| 942 | _cBOOK | ||
| 980 | _aNB | ||